000 02093nam0a22003371 4500
001 rc\4521396
005 20250612105746.0
021 _aRU
_b[63-60455]
035 _a(NLR Aleph) 008625444
090 _a8849660
_c8849660
100 _a20130416d1963 |||y0rusy50 ca
101 0 _arus
102 _aRU
105 _ac z |||||
200 1 _aА.Ф. Миддендорф. (1815-1894)
_aЭ.А. Миддендорф. (1851-1916)
_fО-во естествоиспытателей при Акад. наук Эст. ССР
210 _aТарту
_cБ. и.
_d1963
215 _a22 с.
_cпортр.
_d19
327 1 _aСодерж.: Жизнь и деятельность А.Ф. Миддендорфа / К. Кирт. Э. Миддендорф как естествоиспытатель / Э. Кумари
464 0 _12001#$aЖизнь и деятельность А.Ф. Миддендорфа
_1700#1$aКирт$bК.$gКальола
_1702#1$aМиддендорф$bА.Ф.$f1815-1894$3RU\NLR\AUTH\770175951$gАлександр Федорович$4570
_tЖизнь и деятельность А.Ф. Миддендорфа
_aКирт, Кальола
464 0 _12001#$aЭ. Миддендорф как естествоиспытатель
_1700#1$aКумари$bЭ.В.$gЭрик Вольдемарович
_1702#1$aМиддендорф$bЭ.А.$f1851-1916$gЭрнст Александрович$4570
_tЭ. Миддендорф как естествоиспытатель
_aКумари, Эрик Вольдемарович
606 _aЕстествознание в России
_xИстория
_2psbo
700 1 _aКирт
_bК.
_gКальола
701 1 _aКумари
_bЭ.В.
_gЭрик Вольдемарович
702 1 _4570
_7ca
_8rus
_aМиддендорф
_bА.Ф.
_f1815-1894
_gАлександр Федорович
_9175900
_3RU\NLR\AUTH\770175951
702 1 _aМиддендорф
_bЭ.А.
_f1851-1916
_gЭрнст Александрович
_4570
801 0 _aRU
_bNLR
_gpsbo
801 1 _aRU
_bELAR
_2rusmarc
852 _aNLR
_j63-4/13588
942 _cBOOK
980 _aNB